[Event "SVK-ch U12"]
[Site "Liptovsky Mikulas"]
[Date "2007.04.26"]
[Round "8"]
[White "Danada, Tomas"]
[Black "Korencik, Lukas"]
[Result "1/2-1/2"]
[WhiteElo "1367"]
[BlackElo "1407"]
[PlyCount "81"]
[EventDate "2007.04.22"]
[EventType "swiss"]
[EventRounds "9"]
[EventCountry "SVK"]
[SourceTitle "EXT 2008"]
[Source "ChessBase"]
[SourceDate "2007.11.25"]
[SourceVersion "1"]
[SourceVersionDate "2007.11.25"]
[SourceQuality "1"]

1. e4 e6 2. d4 d5 3. e5 c5 4. c3 Nc6 5. Nf3 Qb6 6. Bd3 Bd7 7. Bc2 0-0-0 8. 0-0 f5 9. a3 cxd4 10. cxd4 Be7 11. b4 h6 12. Nc3 g5 13. b5 Nb8 14. a4 a5 15. bxa6 Nxa6 16. Rb1 Qc7 17. Ne2 g4 18. Ne1 h5 19. Bf4 h4 20. Rc1 Bc6 21. Bd3 Qb6 22. Bb5 Kd7 23. Rb1 Qc7 24. Rc1 Ke8 25. Qd3 Nb8 26. Bxc6+ Nxc6 27. Qb5 Kf7 28. a5 Rc8 29. a6 bxa6 30. Qxa6 Rh5 31. Nd3 Bg5 32. Nb4 Nge7 33. Rc5 Qd7 34. Nxc6 Rxc6 35. Rxc6 Nxc6 36. Rb1 Nd8 37. Ra1 Ke8 38. Qa7 Bxf4 39. Qxd7+ Kxd7 40. Nxf4 Nc6 41. Ne2 1/2-1/2

[Event "SVK-ch U10"]
[Site "Brezova pod Bradlom"]
[Date "2006.03.08"]
[Round "7"]
[White "Holestiak, Pavol"]
[Black "Korencik, Lukas"]
[Result "1-0"]
[WhiteElo "1472"]
[BlackElo "1422"]
[PlyCount "167"]
[EventDate "2006.03.05"]
[EventType "swiss"]
[EventRounds "9"]
[EventCountry "SVK"]
[SourceTitle "EXT 2008"]
[Source "ChessBase"]
[SourceDate "2007.11.25"]
[SourceVersion "1"]
[SourceVersionDate "2007.11.25"]
[SourceQuality "1"]

1. f4 d5 2. Nf3 c5 3. e3 Nc6 4. Bb5 Bd7 5. Qe2 e6 6. b3 Nf6 7. Bb2 Be7 8. 0-0 0-0 9. d3 a6 10. Bxc6 Bxc6 11. Nbd2 Nd7 12. Kh1 f5 13. Ne5 Bf6 14. Ndf3 Qc7 15. Rab1 Rae8 16. Nxd7 Qxd7 17. Ne5 Qd6 18. Nxc6 Qxc6 19. Bxf6 Rxf6 20. Rfd1 d4 21. e4 fxe4 22. Qxe4 Qxe4 23. dxe4 Ref8 24. g3 e5 25. f5 g6 26. g4 Kg7 27. Kg2 gxf5 28. gxf5 Kf7 29. Kf2 Rg8 30. Rg1 Rd6 31. Rxg8 Kxg8 32. Ke2 Kf7 33. Kd3 b5 34. Ke2 b4 35. Kd3 Rh6 36. Rh1 Rh3+ 37. Kd2 a5 38. Kd1 d3 39. cxd3 Rxd3+ 40. Ke2 Rc3 41. Kd2 Rf3 42. Re1 Rf2+ 43. Re2 Rf4 44. Kd3 Kf6 45. Kc4 Rg4 46. Kxc5 Rg8 47. Kc4 Rd8 48. Kb5 Ra8 49. Rd2 Ke7 50. Kb6 h6 51. Kb7 Rf8 52. Rd5 Kf6 53. Kb6 Rb8+ 54. Kc7 Ra8 55. Kb7 Re8 56. Rxa5 Re7+ 57. Kc6 Re8 58. Kd7 Rb8 59. Ra6+ Kg7 60. Kc7 Rb5 61. Kc6 Rb8 62. Rb6 Rc8+ 63. Kd5 Re8 64. Rxb4 Kf6 65. Rb6+ Kg7 66. Re6 Rd8+ 67. Kxe5 Rd2 68. h4 Rxa2 69. Rg6+ Kf8 70. Rxh6 Ra5+ 71. Kf4 Kg7 72. Rg6+ Kh8 73. h5 Ra7 74. f6 Rf7 75. e5 Rf8 76. Kf5 Re8 77. f7 Rf8 78. Rg8+ Rxg8 79. fxg8Q+ Kxg8 80. h6 Kh7 81. Kf6 Kg8 82. h7+ Kxh7 83. Kf7 Kh8 84. e6 1-0

[Event "SVK-ch U10"]
[Site "Brezova pod Bradlom"]
[Date "2006.03.07"]
[Round "4"]
[White "Csemez, Tamas"]
[Black "Korencik, Lukas"]
[Result "1/2-1/2"]
[WhiteElo "1350"]
[BlackElo "1422"]
[PlyCount "80"]
[EventDate "2006.03.05"]
[EventType "swiss"]
[EventRounds "9"]
[EventCountry "SVK"]
[SourceTitle "EXT 2008"]
[Source "ChessBase"]
[SourceDate "2007.11.25"]
[SourceVersion "1"]
[SourceVersionDate "2007.11.25"]
[SourceQuality "1"]

1. e4 e5 2. Nf3 Nc6 3. Bc4 Nf6 4. Nc3 Bb4 5. 0-0 d6 6. h3 0-0 7. Re1 Bc5 8. d3 Be6 9. Bxe6 fxe6 10. Bg5 h6 11. Bh4 Re8 12. Ne2 Qe7 13. c4 Nd4 14. Nexd4 Bxd4 15. Nxd4 exd4 16. Rc1 c5 17. b3 e5 18. Qf3 Rf8 19. Qg3 Qf7 20. Bxf6 Qxf6 21. Rf1 Qf4 22. Qxf4 Rxf4 23. g3 Rf3 24. Rcd1 Raf8 25. h4 h5 26. Kg2 Kh7 27. Rd2 Kh6 28. Kh2 g5 29. hxg5+ Kxg5 30. Kg2 Kg4 31. Rh1 b6 32. Rh4+ Kg5 33. Rh1 R3f6 34. a3 Rh6 35. Kg1 h4 36. Kg2 hxg3 37. Rxh6 Kxh6 38. fxg3 Kg5 39. Rf2 Rxf2+ 40. Kxf2 Kg4 1/2-1/2

[Event "SVK-ch U10"]
[Site "Brezova pod Bradlom"]
[Date "2006.03.06"]
[Round "3"]
[White "Korencik, Lukas"]
[Black "Tomcik, Michal"]
[Result "1/2-1/2"]
[WhiteElo "1422"]
[BlackElo "1398"]
[PlyCount "23"]
[EventDate "2006.03.05"]
[EventType "swiss"]
[EventRounds "9"]
[EventCountry "SVK"]
[SourceTitle "EXT 2008"]
[Source "ChessBase"]
[SourceDate "2007.11.25"]
[SourceVersion "1"]
[SourceVersionDate "2007.11.25"]
[SourceQuality "1"]

1. e4 e5 2. Nf3 Nc6 3. Nc3 Bb4 4. d3 Nf6 5. Be2 d5 6. exd5 Nxd5 7. Bd2 Bxc3 8. Bxc3 Nxc3 9. bxc3 0-0 10. 0-0 Re8 11. Nd2 b6 12. Bf3 1/2-1/2

[Event "SVK-ch U12"]
[Site "Liptovsky Mikulas"]
[Date "2005.04.14"]
[Round "6"]
[White "Danada, Tomas"]
[Black "Korencik, Lukas"]
[Result "1-0"]
[WhiteElo "1375"]
[BlackElo "1454"]
[PlyCount "91"]
[EventDate "2005.04.11"]
[EventType "swiss"]
[EventRounds "9"]
[EventCountry "SVK"]
[SourceTitle "EXT 2008"]
[Source "ChessBase"]
[SourceDate "2007.11.25"]
[SourceVersion "1"]
[SourceVersionDate "2007.11.25"]
[SourceQuality "1"]

1. e4 e5 2. Nf3 Nc6 3. Bc4 Bc5 4. c3 Qf6 5. d4 exd4 6. e5 Nxe5 7. Qe2 d6 8. cxd4 Bxd4 9. Nxd4 Be6 10. Bxe6 fxe6 11. 0-0 c5 12. Nb5 Kf8 13. Nxd6 b6 14. Re1 Nd7 15. Qxe6 Qxe6 16. Rxe6 Ngf6 17. Bg5 h6 18. Bxf6 Nxf6 19. Nc3 Rd8 20. Nce4 Nxe4 21. Nxe4 Kf7 22. Rd6 Rde8 23. Re1 Re7 24. Kf1 Rhe8 25. f3 h5 26. Ng5+ Kf8 27. Rxe7 Rxe7 28. Rd8+ Re8 29. Ne6+ Kf7 30. Rxe8 Kxe8 31. Nxg7+ Kf7 32. Nxh5 Kg6 33. g4 a5 34. a4 Kg5 35. h3 c4 36. Kg2 Kg6 37. f4 Kf7 38. f5 Kf8 39. f6 Kf7 40. g5 Kf8 41. g6 Kg8 42. f7+ Kf8 43. Kf3 Ke7 44. Nf6 Kf8 45. Nd7+ Kg7 46. f8Q+ 1-0

[Event "SVK-ch U12"]
[Site "Liptovsky Mikulas"]
[Date "2005.04.13"]
[Round "4"]
[White "Mraz, Ondrej"]
[Black "Korencik, Lukas"]
[Result "1-0"]
[WhiteElo "1350"]
[BlackElo "1454"]
[PlyCount "63"]
[EventDate "2005.04.11"]
[EventType "swiss"]
[EventRounds "9"]
[EventCountry "SVK"]
[SourceTitle "EXT 2008"]
[Source "ChessBase"]
[SourceDate "2007.11.25"]
[SourceVersion "1"]
[SourceVersionDate "2007.11.25"]
[SourceQuality "1"]

1. e4 e5 2. Nf3 Nc6 3. Bc4 Bc5 4. c3 Qf6 5. 0-0 d6 6. h3 Be6 7. Bb3 Qg6 8. Bxe6 Qxe6 9. d4 exd4 10. cxd4 Qxe4 11. Re1 Qxe1+ 12. Qxe1+ Nge7 13. dxc5 dxc5 14. Nc3 0-0 15. Qe4 Ng6 16. Qc4 b6 17. Bf4 Rac8 18. Nd5 Na5 19. Qc3 c6 20. Bd6 Rfd8 21. Ne7+ Nxe7 22. Bxe7 Rd7 23. Re1 Re8 24. Bxc5 Rxe1+ 25. Qxe1 Rd8 26. Qe7 Ra8 27. Ba3 Nc4 28. Ne5 Nxe5 29. Qxe5 c5 30. b3 f6 31. Qd5+ Kf8 32. Qxa8+ 1-0

[Event "SVK-ch U12"]
[Site "Liptovsky Mikulas"]
[Date "2005.04.12"]
[Round "2"]
[White "Korencik, Lukas"]
[Black "Demko, Kristian"]
[Result "1-0"]
[WhiteElo "1454"]
[BlackElo "1350"]
[PlyCount "57"]
[EventDate "2005.04.11"]
[EventType "swiss"]
[EventRounds "9"]
[EventCountry "SVK"]
[SourceTitle "EXT 2008"]
[Source "ChessBase"]
[SourceDate "2007.11.25"]
[SourceVersion "1"]
[SourceVersionDate "2007.11.25"]
[SourceQuality "1"]

1. e4 e5 2. Nf3 Nc6 3. Bc4 Nf6 4. Nc3 Bc5 5. d3 d6 6. h3 0-0 7. Bg5 h6 8. Bh4 Nd4 9. 0-0 Nxf3+ 10. Qxf3 b6 11. Bd5 Rb8 12. Bxf6 gxf6 13. Qg3+ Kh7 14. a3 Rg8 15. Qf3 Be6 16. Nb5 Bxd5 17. exd5 a6 18. Nc3 Bd4 19. Qf5+ Kg7 20. Rab1 Bxc3 21. bxc3 Kf8 22. Qh7 Qd7 23. Qxh6+ Ke7 24. f4 Rg6 25. Qh4 exf4 26. Rbe1+ Kf8 27. Rxf4 Rg5 28. Rxf6 Rxd5 29. Qh8# 1-0